| 000 | 00557nam a2200229Ia 4500 | ||
|---|---|---|---|
| 003 | OSt | ||
| 005 | 20230509095827.0 | ||
| 008 | 210423s2007 xx 000 0 und d | ||
| 020 | _a978-93-81714-19-5 | ||
| 040 | _cAL | ||
| 041 | _aeng | ||
| 082 | _a547 DAVO | ||
| 100 |
_aDAVIS (Gene A) _9100282 |
||
| 245 | _aOrganic chemistry | ||
| 260 |
_bScientific Publishers _c2007 |
||
| 300 |
_ax,206 _bPB |
||
| 365 |
_b350 _cINR |
||
| 650 |
_aChemistry _9100283 |
||
| 650 |
_aOrganic Chemistry _9100284 |
||
| 906 | _achemistry ; Organic | ||
| 942 |
_2ddc _cBK |
||
| 999 |
_c165523 _d165523 |
||